header

Surveying the American tropics : (Record no. 135944)

MARC details
000 -LEADER
fixed length control field 01895nam a2200409 i 4500
001 - CONTROL NUMBER
control field ebr10785777
003 - CONTROL NUMBER IDENTIFIER
control field CaPaEBR
006 - FIXED-LENGTH DATA ELEMENTS--ADDITIONAL MATERIAL CHARACTERISTICS--GENERAL INFORMATION
fixed length control field m o d
007 - PHYSICAL DESCRIPTION FIXED FIELD--GENERAL INFORMATION
fixed length control field cr cn|||||||||
008 - FIXED-LENGTH DATA ELEMENTS--GENERAL INFORMATION
fixed length control field 131109s2013 enka o 001 0 eng d
020 ## - INTERNATIONAL STANDARD BOOK NUMBER
Cancelled/invalid ISBN 9781846318900
International Standard Book Number 9781846319983 (e-book)
040 ## - CATALOGING SOURCE
Original cataloging agency CaPaEBR
Language of cataloging eng
Description conventions rda
-- pn
Transcribing agency CaPaEBR
035 ## - SYSTEM CONTROL NUMBER
System control number (OCoLC)861200358
050 14 - LIBRARY OF CONGRESS CALL NUMBER
Classification number PS121
Item number .S878 2013eb
082 04 - DEWEY DECIMAL CLASSIFICATION NUMBER
Classification number 809.897
Edition number 23
245 00 - TITLE STATEMENT
Title Surveying the American tropics :
Remainder of title a literary geography from New York to Rio /
Statement of responsibility, etc edited by Maria Cristina Fumagalli [and three others].
264 #1 - PRODUCTION, PUBLICATION, DISTRIBUTION, MANUFACTURE, AND COPYRIGHT NOTICE
Place of production, publication, distribution, manufacture Liverpool, England :
Name of producer, publisher, distributor, manufacturer Liverpool University Press,
Date of production, publication, distribution, manufacture, or copyright notice 2013.
Date of production, publication, distribution, manufacture, or copyright notice �2013
300 ## - PHYSICAL DESCRIPTION
Extent 1 online resource (377 pages) :
Other physical details illustrations.
336 ## - CONTENT TYPE
Content type term text
Source rdacontent
337 ## - MEDIA TYPE
Media type term computer
Source rdamedia
338 ## - CARRIER TYPE
Carrier type term online resource
Source rdacarrier
440 #0 - SERIES STATEMENT/ADDED ENTRY--TITLE
Title American tropics
500 ## - GENERAL NOTE
General note Includes index.
588 ## - SOURCE OF DESCRIPTION NOTE
Source of description note Description based on online resource; title from PDF title page (ebrary, viewed November 9, 2013).
590 ## - LOCAL NOTE (RLIN)
Local note Electronic reproduction. Palo Alto, Calif. : ebrary, 2013. Available via World Wide Web. Access may be limited to ebrary affiliated libraries.
650 #0 - SUBJECT ADDED ENTRY--TOPICAL TERM
Topical term or geographic name as entry element American literature
General subdivision History and criticism.
Topical term or geographic name as entry element Caribbean literature
General subdivision History and criticism.
Topical term or geographic name as entry element Central American literature
General subdivision History and criticism.
Topical term or geographic name as entry element Latin American literature
General subdivision History and criticism.
655 #0 - INDEX TERM--GENRE/FORM
Genre/form data or focus term Electronic books.
700 1# - ADDED ENTRY--PERSONAL NAME
Personal name Fumagalli, Maria Cristina.
776 08 - ADDITIONAL PHYSICAL FORM ENTRY
Display text Print version:
Title Surveying the American tropics : a literary geography from New York to Rio.
Place, publisher, and date of publication Liverpool, England : Liverpool University Press, c2013
Physical description x, 366 pages
Series data for related item American tropics.
International Standard Book Number 9781846318900
797 2# - LOCAL ADDED ENTRY--CORPORATE NAME (RLIN)
Corporate name or jurisdiction name as entry element ebrary.
856 40 - ELECTRONIC LOCATION AND ACCESS
Uniform Resource Identifier <a href="http://site.ebrary.com/lib/rucke/Doc?id=10785777">http://site.ebrary.com/lib/rucke/Doc?id=10785777</a>
Public note An electronic book accessible through the World Wide Web; click to view

No items available.

© 2026 Rongo University
Contact us: librarian | system librarian | Rongo university